[Event "BEL-chT 0708"]
[Site "Belgium"]
[Date "2008.01.06"]
[Round "6.8"]
[White "Vanstreels, Luc"]
[Black "Kerkhof, Philippe"]
[Result "1-0"]
[WhiteElo "2050"]
[BlackElo "2230"]
[PlyCount "105"]
[EventDate "2007.09.30"]
[EventType "team-tourn"]
[EventRounds "11"]
[EventCountry "BEL"]
[SourceTitle "EXT 2009"]
[Source "ChessBase"]
[SourceDate "2008.11.26"]
[SourceVersion "1"]
[SourceVersionDate "2008.11.26"]
[SourceQuality "1"]
[WhiteTeam "KSK47 Eynatten II"]
[BlackTeam "Brussels"]
[WhiteTeamCountry "BEL"]
[BlackTeamCountry "BEL"]

1. d4 Nf6 2. Nf3 g6 3. c4 c5 4. e3 Bg7 5. Be2 0-0 6. 0-0 cxd4 7. Nxd4 Nc6 8. Nc3 d6 9. Rb1 Bd7 10. b4 Rc8 11. Nd5 Nxd5 12. cxd5 Nxd4 13. exd4 Qb6 14. Be3 Bb5 15. a4 Bc4 16. Bxc4 Rxc4 17. Qd2 Rfc8 18. Rfc1 Qc7 19. Qd1 Qd7 20. Qf1 Qc7 21. h4 Bxd4 22. Rxc4 Qxc4 23. Bxd4 Qxd4 24. Qb5 Qb6 25. Qxb6 axb6 26. a5 b5 27. g3 Rc4 28. Kg2 Kf8 29. Kf3 Kg7 30. g4 Kf6 31. g5+ Kf5 32. Kg3 Rg4+ 33. Kh3 Rc4 34. Kg3 e5 35. Rb3 Rg4+ 36. Kh3 f6 37. gxf6 Rf4 38. Rc3 Ke4 39. Rc7 Rxf6 40. Rxb7 Kxd5 41. Rxb5+ Kc4 42. Rb7 Rxf2 43. a6 e4 44. a7 Ra2 45. b5 Ra3+ 46. Kg2 Ra2+ 47. Kg3 Ra3+ 48. Kf4 Kd4 49. b6 Rf3+ 50. Kg4 h5+ 51. Kg5 Rf5+ 52. Kxg6 Ra5 53. Rb8 1-0

[Event "BEL-chT 9900"]
[Site "Antwerp"]
[Date "1999.11.??"]
[Round "4"]
[White "Kerkhof, Philippe"]
[Black "Bezsilko, Philippe"]
[Result "1/2-1/2"]
[WhiteElo "2240"]
[BlackElo "2280"]
[PlyCount "36"]
[EventDate "1999.10.08"]
[EventType "team-tourn"]
[EventRounds "11"]
[EventCountry "BEL"]
[SourceTitle "CBM 073 Extra"]
[Source "ChessBase"]
[SourceDate "2000.01.11"]
[SourceVersion "1"]
[SourceVersionDate "2000.01.11"]
[SourceQuality "1"]

1. e4 c5 2. c3 d5 3. exd5 Qxd5 4. d4 Nc6 5. Nf3 Bg4 6. Be2 cxd4 7. cxd4 e6 8. 0-0 Nf6 9. Nc3 Qa5 10. Be3 Be7 11. a3 Nd5 12. Nxd5 Qxd5 13. h3 Bh5 14. g4 Bg6 15. Ne5 0-0-0 16. Bc4 Qe4 17. Bd3 Qd5 18. Bc4 Qe4 1/2-1/2

[Event "BEL-chT 9900"]
[Site "Antwerp"]
[Date "1999.11.??"]
[Round "5"]
[White "Kerkhof, Philippe"]
[Black "Krijgelmans, Johan"]
[Result "1/2-1/2"]
[WhiteElo "2240"]
[BlackElo "2270"]
[PlyCount "51"]
[EventDate "1999.10.08"]
[EventType "team-tourn"]
[EventRounds "11"]
[EventCountry "BEL"]
[SourceTitle "CBM 073 Extra"]
[Source "ChessBase"]
[SourceDate "2000.01.11"]
[SourceVersion "1"]
[SourceVersionDate "2000.01.11"]
[SourceQuality "1"]

1. e4 c5 2. c3 e6 3. d4 b6 4. Nf3 Bb7 5. Bd3 Nc6 6. a3 d5 7. e5 Qc8 8. b4 Ba6 9. b5 c4 10. bxa6 cxd3 11. Qxd3 Nb8 12. Qb5+ Kd8 13. Ng5 Nh6 14. a4 Be7 15. 0-0 Qxa6 16. Na3 Qxb5 17. axb5 Kd7 18. Bd2 a5 19. bxa6 Rxa6 20. Nc2 Bxg5 21. Bxg5 Rc8 22. Bd2 Nf5 23. Nb4 Rxa1 24. Rxa1 Nc6 25. Nxc6 Kxc6 26. Kf1 1/2-1/2

[Event "BEL-chT 9899"]
[Site "Antwerp"]
[Date "1999.02.??"]
[Round "7"]
[White "Kerkhof, Philippe"]
[Black "Van der Stricht, Geert"]
[Result "1/2-1/2"]
[WhiteElo "2240"]
[BlackElo "2355"]
[PlyCount "51"]
[EventDate "1998.10.??"]
[EventType "team-tourn"]
[EventRounds "11"]
[EventCountry "BEL"]
[SourceTitle "EXT 2000"]
[Source "ChessBase"]
[SourceDate "1999.11.16"]
[SourceVersion "1"]
[SourceVersionDate "1999.11.16"]
[SourceQuality "1"]

1. e4 c5 2. c3 d5 3. exd5 Qxd5 4. d4 Nc6 5. Nf3 cxd4 6. cxd4 e5 7. Nc3 Bb4 8. Be2 e4 9. 0-0 Bxc3 10. bxc3 exf3 11. Bxf3 Qd6 12. Re1+ Nge7 13. Qb3 0-0 14. Ba3 Qd8 15. Bxc6 Nxc6 16. Bxf8 Qxf8 17. Qb5 Ne7 18. d5 a6 19. Qc5 Nf5 20. Qc7 Nd6 21. c4 Bf5 22. c5 Ne4 23. Qe5 Bg6 24. Rxe4 Bxe4 25. Qxe4 Qxc5 26. Rd1 1/2-1/2

[Event "BEL-chT 9899"]
[Site "Antwerp"]
[Date "1998.11.22"]
[Round "3"]
[White "Bezsilko, Philippe"]
[Black "Kerkhof, Philippe"]
[Result "1/2-1/2"]
[WhiteElo "2280"]
[BlackElo "2240"]
[PlyCount "24"]
[EventDate "1998.10.??"]
[EventType "team-tourn"]
[EventRounds "11"]
[EventCountry "BEL"]
[SourceTitle "EXT 2000"]
[Source "ChessBase"]
[SourceDate "1999.11.16"]
[SourceVersion "1"]
[SourceVersionDate "1999.11.16"]
[SourceQuality "1"]

1. e4 d6 2. d4 Nf6 3. Nc3 g6 4. f3 c6 5. Be3 Nbd7 6. Qd2 b5 7. a3 Bb7 8. Be2 e5 9. Nh3 a6 10. 0-0 Bg7 11. Rad1 0-0 12. Kh1 Re8 1/2-1/2

[Event "BEL-chT 9798"]
[Site "Antwerp"]
[Date "1998.??.??"]
[Round "10"]
[White "Le Quang, Kim"]
[Black "Kerkhof, Philippe"]
[Result "0-1"]
[WhiteElo "2265"]
[BlackElo "2240"]
[PlyCount "115"]
[EventDate "1997.??.??"]
[EventType "team-tourn"]
[EventRounds "11"]
[EventCountry "BEL"]
[SourceTitle "EXT 1999"]
[Source "ChessBase"]
[SourceDate "1998.11.16"]
[SourceVersion "1"]
[SourceVersionDate "1998.11.16"]
[SourceQuality "1"]

1. e4 d6 2. d4 Nf6 3. Nc3 g6 4. g3 Bg7 5. Bg2 0-0 6. Nge2 e5 7. h3 Nc6 8. Be3 a6 9. a4 Bd7 10. 0-0 exd4 11. Nxd4 Re8 12. Nde2 Nb4 13. Nf4 Bc6 14. Bd4 b5 15. Re1 Qc8 16. Qd2 Qb7 17. Re2 bxa4 18. Rae1 a5 19. Ncd5 Nbxd5 20. exd5 Bb5 21. Rxe8+ Rxe8 22. Qxa5 Rxe1+ 23. Qxe1 Kf8 24. Qc3 Ne8 25. Bxg7+ Nxg7 26. Qf6 Qc8 27. h4 Qe8 28. Kh2 Bd7 29. Bf3 Qe5 30. Qd8+ Be8 31. Qxc7 Nf5 32. Nd3 Qd4 33. g4 Nxh4 34. Qxd6+ Kg8 35. Kg3 Nxf3 36. Kxf3 h5 37. gxh5 gxh5 38. Qg3+ Kf8 39. Qg5 Bd7 40. Qd8+ Be8 41. Qg5 Bd7 42. Nf4 Bg4+ 43. Kg3 Qe4 44. Qh6+ Kg8 45. Kh4 Qxc2 46. Qf6 Qxf2+ 47. Kg5 Qc2 48. d6 Qc8 49. Nd5 Qc1+ 50. Nf4 Qc8 51. Qe5 Bf3 52. Kf6 Qf8 53. Kg5 Qc8 54. Kf6 Qf8 55. Qg5+ Kh8 56. Ke5 Qc8 57. Qe7 Qc5+ 58. Kf6 0-1

[Event "BEL-chT 9697"]
[Site "Belgium"]
[Date "1997.??.??"]
[Round "5"]
[White "Claesen, Jeroen"]
[Black "Kerkhof, Philippe"]
[Result "1/2-1/2"]
[WhiteElo "2285"]
[BlackElo "2250"]
[PlyCount "89"]
[EventDate "1996.??.??"]
[EventType "team-tourn"]
[EventRounds "11"]
[EventCountry "BEL"]
[SourceTitle "EXT 1998"]
[Source "ChessBase"]
[SourceDate "1997.11.17"]
[SourceVersion "1"]
[SourceVersionDate "1997.11.17"]
[SourceQuality "1"]

1. e4 d6 2. Nc3 Nf6 3. f4 g6 4. Nf3 Bg7 5. g3 0-0 6. Bg2 c5 7. 0-0 Nc6 8. d3 Nd4 9. h3 Nd7 10. Nd5 e6 11. Ne3 f5 12. c3 Nxf3+ 13. Bxf3 Qc7 14. Qb3 Nf6 15. Nc4 Rb8 16. e5 d5 17. exf6 dxc4 18. Qxc4 b5 19. Qb3 Bxf6 20. Be3 c4 21. dxc4 bxc4 22. Qa3 a6 23. Qc5 Qxc5 24. Bxc5 Rd8 25. Rf2 Rb5 26. Be3 Rd3 27. Re1 Bd8 28. Bd4 Bb6 29. Bxb6 Rxb6 30. Kg2 Kf7 31. Re5 Rb5 32. Rxb5 axb5 33. Bc6 Rd1 34. Kf3 Rd3+ 35. Kg2 Bd7 36. Bf3 h5 37. h4 Ke7 38. Rc2 Rd6 39. Kf2 Kf6 40. Re2 Rd3 41. Re3 Rd2+ 42. Re2 Rd3 43. Rc2 e5 44. fxe5+ Kxe5 45. a4 1/2-1/2

[Event "BEL-chT 9697"]
[Site "Belgium"]
[Date "1997.??.??"]
[Round "7"]
[White "Kishnev, Sergey"]
[Black "Kerkhof, Philippe"]
[Result "1-0"]
[WhiteElo "2485"]
[BlackElo "2250"]
[PlyCount "49"]
[EventDate "1996.??.??"]
[EventType "team-tourn"]
[EventRounds "11"]
[EventCountry "BEL"]
[SourceTitle "EXT 1998"]
[Source "ChessBase"]
[SourceDate "1997.11.17"]
[SourceVersion "1"]
[SourceVersionDate "1997.11.17"]
[SourceQuality "1"]

1. d4 Nf6 2. Bg5 Ne4 3. Bf4 c5 4. e3 Nf6 5. dxc5 Na6 6. e4 Nxc5 7. Nc3 d6 8. e5 Ne6 9. Be3 dxe5 10. Qxd8+ Kxd8 11. 0-0-0+ Bd7 12. Bc4 Kc8 13. Nh3 g6 14. Rhe1 Bg7 15. Bd2 e4 16. Nxe4 Nxe4 17. Rxe4 Bf6 18. Bd5 Nd8 19. Ng5 e6 20. Rc4+ Bc6 21. Bxc6 bxc6 22. Ne4 Be7 23. Ba5 f5 24. Nd6+ Bxd6 25. Rxd6 1-0

[Event "BEL-chT 9798"]
[Site "Antwerp"]
[Date "1997.??.??"]
[Round "4"]
[White "Tondivar, Babak"]
[Black "Kerkhof, Philippe"]
[Result "1/2-1/2"]
[WhiteElo "2315"]
[BlackElo "2240"]
[PlyCount "36"]
[EventDate "1997.??.??"]
[EventType "team-tourn"]
[EventRounds "11"]
[EventCountry "BEL"]
[SourceTitle "EXT 1999"]
[Source "ChessBase"]
[SourceDate "1998.11.16"]
[SourceVersion "1"]
[SourceVersionDate "1998.11.16"]
[SourceQuality "1"]

1. Nf3 g6 2. c4 Bg7 3. d4 c5 4. g3 Nf6 5. Bg2 0-0 6. 0-0 cxd4 7. Nxd4 Nc6 8. Nc3 Ng4 9. e3 Nge5 10. b3 d6 11. Nde2 Bg4 12. h3 Bf3 13. Bxf3 Nxf3+ 14. Kg2 Nfe5 15. e4 a6 16. Be3 Rb8 17. a4 Nd7 18. Rb1 Nb4 1/2-1/2

[Event "Geraardsbergen op"]
[Site "Geraardsbergen"]
[Date "1992.??.??"]
[Round "4"]
[White "Kerkhof, Philippe"]
[Black "Van Herck, Marcel"]
[Result "1-0"]
[WhiteElo "2270"]
[BlackElo "2225"]
[PlyCount "61"]
[EventDate "1992.??.??"]
[EventType "swiss"]
[EventRounds "7"]
[EventCountry "BEL"]
[SourceTitle "EXT 1999"]
[Source "ChessBase"]
[SourceDate "1998.11.16"]
[SourceVersion "1"]
[SourceVersionDate "1998.11.16"]
[SourceQuality "1"]

1. e4 c5 2. Nf3 d6 3. c3 Nf6 4. Be2 Nc6 5. d4 e6 6. d5 Ne5 7. dxe6 Bxe6 8. 0-0 Be7 9. Qc2 Bg4 10. Nxe5 dxe5 11. Bxg4 Nxg4 12. Rd1 Qa5 13. Na3 Rd8 14. Nc4 Qa6 15. Rxd8+ Bxd8 16. Qb3 Bc7 17. f3 Nf6 18. Bg5 Nd7 19. Rd1 f6 20. Bh4 Qc6 21. Ne3 b5 22. Nd5 Bd8 23. Bf2 Rf8 24. Rd2 Rf7 25. Qd1 Nb6 26. Nb4 Qc8 27. Nc6 Qxc6 28. Rxd8+ Ke7 29. Rh8 Qd7 30. Bxc5+ Ke6 31. Re8+ 1-0

[Event "Ostend op"]
[Site "Ostend"]
[Date "1992.??.??"]
[Round "2"]
[White "Naumkin, Igor"]
[Black "Kerkhof, Philippe"]
[Result "1-0"]
[WhiteElo "2430"]
[BlackElo "2220"]
[PlyCount "60"]
[EventDate "1992.09.??"]
[EventType "swiss"]
[EventRounds "9"]
[EventCountry "BEL"]
[SourceTitle "TD"]
[Source "ChessBase"]
[SourceDate "1994.03.01"]
[SourceVersion "1"]
[SourceVersionDate "1994.03.01"]
[SourceQuality "1"]

1. d4 Nf6 2. c4 c5 3. d5 b5 4. cxb5 a6 5. bxa6 g6 6. Nc3 Bxa6 7. f4 Bg7 8. Nf3 Qa5 9. Bd2 0-0 10. e4 d6 11. Be2 Bxe2 12. Qxe2 Qa6 13. Rd1 Nbd7 14. Bc1 Qxe2+ 15. Kxe2 Ne8 16. a3 Nc7 17. Kd3 f5 18. Rhe1 fxe4+ 19. Rxe4 Nb6 20. Rxe7 Ncxd5 21. Nxd5 Nxd5 22. Re4 Nf6 23. Re6 d5 24. Kc2 Rfb8 25. Ne5 Ra4 26. b3 Rd4 27. Rxd4 cxd4 28. Bb2 Rc8+ 29. Rc6 Ra8 30. Bxd4 Ng4 1-0

[Event "Ostend op"]
[Site "Ostend"]
[Date "1992.??.??"]
[Round "8"]
[White "Steinbacher, Matthias"]
[Black "Kerkhof, Philippe"]
[Result "0-1"]
[WhiteElo "2340"]
[BlackElo "2220"]
[PlyCount "106"]
[EventDate "1992.09.??"]
[EventType "swiss"]
[EventRounds "9"]
[EventCountry "BEL"]
[SourceTitle "TD"]
[Source "ChessBase"]
[SourceDate "1994.03.01"]
[SourceVersion "1"]
[SourceVersionDate "1994.03.01"]
[SourceQuality "1"]

1. c4 g6 2. d4 c5 3. d5 Bg7 4. Nc3 Bxc3+ 5. bxc3 f5 6. h4 d6 7. h5 Qa5 8. hxg6 hxg6 9. Rxh8 Qxc3+ 10. Bd2 Qxh8 11. Nh3 Nd7 12. Rb1 Ngf6 13. Ng5 Ng4 14. Nh3 Nde5 15. Qa4+ Kf8 16. Qb3 Nf6 17. Kd1 Ne4 18. Be1 Qf6 19. f3 Ng4 20. fxe4 fxe4 21. Qc3 Nh2 22. Qxf6+ exf6 23. Bg3 Nxf1 24. Bxd6+ Kg8 25. Rb3 e3 26. Nf4 g5 27. Nh5 Nd2 28. Rxe3 Nxc4 29. Re8+ Kf7 30. Rf8+ Kg6 31. g4 Ne3+ 32. Kd2 Nxg4 33. Ng3 b6 34. e4 Bb7 35. Rxa8 Bxa8 36. Bb8 Ne5 37. Bxa7 g4 38. Ke3 Kg5 39. a4 Bb7 40. Bb8 Nc4+ 41. Kd3 Nb2+ 42. Kc3 Nxa4+ 43. Kc4 Ba6+ 44. Kb3 b5 45. Nf5 Nb6 46. Bd6 c4+ 47. Kb4 Nxd5+ 48. Ka5 Nc3 49. Ng3 Bb7 50. e5 f5 51. Kb6 Bc8 52. Be7+ Kf4 53. Nh5+ Kf3 0-1

[Event "Iclicki Masters"]
[Site "Belgium"]
[Date "1990.??.??"]
[Round "?"]
[White "Kerkhof, Philippe"]
[Black "Van Houtte, Thierry"]
[Result "1/2-1/2"]
[WhiteElo "2240"]
[BlackElo "2225"]
[PlyCount "58"]
[EventDate "1990.??.??"]
[EventType "tourn"]
[EventRounds "9"]
[EventCountry "BEL"]
[EventCategory "3"]
[SourceTitle "EXT 2004"]
[Source "ChessBase"]
[SourceDate "2003.11.25"]
[SourceVersion "1"]
[SourceVersionDate "2003.11.25"]
[SourceQuality "1"]

1. e4 c5 2. c3 e5 3. Nf3 Nc6 4. Bc4 Qc7 5. 0-0 Nf6 6. Ng5 Nd8 7. f4 exf4 8. e5 d5 9. Bb5+ Nd7 10. d4 Be7 11. Bxf4 Bxg5 12. Bxg5 Ne6 13. Be3 Qb6 14. Qe2 a6 15. Bxd7+ Bxd7 16. dxc5 Qc7 17. Qf2 Bb5 18. Re1 0-0 19. Bd4 Rac8 20. b4 f6 21. exf6 Nxd4 22. Qxd4 Rxf6 23. Nd2 Qf7 24. a4 Rf4 25. Qe3 Re8 26. Qg3 Rxe1+ 27. Rxe1 Bxa4 28. Nf3 Bb5 29. h3 h6 1/2-1/2

[Event "Iclicki Masters"]
[Site "Belgium"]
[Date "1990.??.??"]
[Round "?"]
[White "Pergericht, Daniel"]
[Black "Kerkhof, Philippe"]
[Result "1-0"]
[WhiteElo "2280"]
[BlackElo "2240"]
[PlyCount "80"]
[EventDate "1990.??.??"]
[EventType "tourn"]
[EventRounds "9"]
[EventCountry "BEL"]
[EventCategory "3"]
[SourceTitle "EXT 2004"]
[Source "ChessBase"]
[SourceDate "2003.11.25"]
[SourceVersion "1"]
[SourceVersionDate "2003.11.25"]
[SourceQuality "1"]

1. Nf3 Nf6 2. c4 g6 3. Nc3 Bg7 4. e4 0-0 5. d4 d6 6. Be2 Nbd7 7. 0-0 e5 8. Be3 Qe7 9. d5 Ng4 10. Bg5 f6 11. Bh4 h5 12. Nd2 Nh6 13. f3 Rf7 14. b4 Nf8 15. Bf2 f5 16. c5 f4 17. Nc4 Bd7 18. a4 g5 19. cxd6 cxd6 20. Nb5 Rf6 21. Bxa7 g4 22. Nb6 Rxa7 23. Nxd7 Qxd7 24. Nxa7 Ng6 25. Qc2 Ne7 26. Bb5 Qd8 27. Rac1 Qb6+ 28. Qf2 Qd8 29. a5 Rg6 30. Qb6 Qf8 31. Qxb7 gxf3 32. Rxf3 Qf6 33. Nc6 Nxc6 34. Qxc6 Qg5 35. Qc8+ Kh7 36. Qh3 Ng4 37. Bd7 Ne3 38. Rxe3 fxe3 39. Bf5 e2 40. Bxg6+ Kxg6 1-0

[Event "Anderlecht Librairie Marchand"]
[Site "Anderlecht"]
[Date "1987.??.??"]
[Round "4"]
[White "Bolzoni, Victor Angel"]
[Black "Kerkhof, Philippe"]
[Result "0-1"]
[WhiteElo "2200"]
[BlackElo "2245"]
[PlyCount "99"]
[EventDate "1987.01.24"]
[EventType "tourn"]
[EventRounds "7"]
[EventCountry "BEL"]
[EventCategory "1"]
[SourceTitle "EXT 2004"]
[Source "ChessBase"]
[SourceDate "2003.11.25"]
[SourceVersion "1"]
[SourceVersionDate "2003.11.25"]
[SourceQuality "1"]

1. d4 Nf6 2. c4 c5 3. d5 b5 4. cxb5 a6 5. e3 axb5 6. Bxb5 Qa5+ 7. Nc3 Ba6 8. Bxa6 Qxa6 9. Nge2 g6 10. 0-0 Bg7 11. e4 d6 12. f4 Nbd7 13. h3 0-0 14. Be3 Nb6 15. Bf2 Rfb8 16. Re1 Nc4 17. b3 Nb2 18. Qd2 Nd3 19. Red1 Nxf2 20. Kxf2 c4 21. Kf3 cxb3 22. axb3 Qxa1 23. Rxa1 Rxa1 24. Nd4 Nh5 25. g4 Bxd4 26. Qxd4 Rxb3 27. gxh5 Rc1 28. h6 Rcxc3+ 29. Ke2 f6 30. Qa4 Kf7 31. e5 dxe5 32. fxe5 Re3+ 33. Kf2 fxe5 34. d6 Rec3 35. Ke2 Rxh3 36. Qc4+ Kf6 37. Kd2 exd6 38. Qc8 Rbd3+ 39. Ke2 Rhe3+ 40. Kf2 Rf3+ 41. Kg2 Kg5 42. Qd8+ Kxh6 43. Qe7 Rf4 44. Kh2 e4 45. Kg2 e3 46. Kg3 Rf5 47. Qh4+ Kg7 48. Qe7+ Rf7 49. Qe4 e2+ 50. Kh4 0-1

[Event "Anderlecht Librairie Marchand"]
[Site "Anderlecht"]
[Date "1987.??.??"]
[Round "2"]
[White "Denijs, Alex"]
[Black "Kerkhof, Philippe"]
[Result "0-1"]
[WhiteElo "2295"]
[BlackElo "2245"]
[PlyCount "62"]
[EventDate "1987.01.24"]
[EventType "tourn"]
[EventRounds "7"]
[EventCountry "BEL"]
[EventCategory "1"]
[SourceTitle "EXT 2004"]
[Source "ChessBase"]
[SourceDate "2003.11.25"]
[SourceVersion "1"]
[SourceVersionDate "2003.11.25"]
[SourceQuality "1"]

1. Nf3 Nf6 2. c4 g6 3. Nc3 Bg7 4. e4 0-0 5. d4 d6 6. Be2 Nbd7 7. 0-0 e5 8. d5 Nc5 9. Qc2 a5 10. Bg5 h6 11. Be3 b6 12. Rad1 Ng4 13. Bxc5 bxc5 14. h3 Nf6 15. Ne1 Nh7 16. f4 exf4 17. Rxf4 h5 18. Rf1 Qe7 19. Nd3 Bxc3 20. Qxc3 Qxe4 21. Bf3 Qh4 22. Nf2 Bd7 23. Ne4 f5 24. Nxc5 dxc5 25. d6 c6 26. Rd5 Qf6 27. Rxc5 Qxd6 28. Rxa5 Rxa5 29. Qxa5 Qd4+ 30. Kh1 Qxc4 31. b3 Qxf1+ 0-1

[Event "Anderlecht Librairie Marchand"]
[Site "Anderlecht"]
[Date "1987.??.??"]
[Round "3"]
[White "Kerkhof, Philippe"]
[Black "Penson, Thierry"]
[Result "0-1"]
[WhiteElo "2245"]
[BlackElo "2245"]
[PlyCount "76"]
[EventDate "1987.01.24"]
[EventType "tourn"]
[EventRounds "7"]
[EventCountry "BEL"]
[EventCategory "1"]
[SourceTitle "EXT 2004"]
[Source "ChessBase"]
[SourceDate "2003.11.25"]
[SourceVersion "1"]
[SourceVersionDate "2003.11.25"]
[SourceQuality "1"]

1. e4 d6 2. d4 c6 3. Nf3 g6 4. Bd3 Bg7 5. 0-0 Nf6 6. Nbd2 0-0 7. Re1 a5 8. a4 Na6 9. c3 d5 10. e5 Ne8 11. h3 b6 12. Nf1 Nac7 13. Ng3 Ba6 14. Bc2 Ra7 15. Ng5 Qc8 16. f4 e6 17. h4 Bh6 18. Nh5 c5 19. g4 Bxg5 20. hxg5 gxh5 21. Kg2 Ng7 22. Rh1 Rd8 23. f5 cxd4 24. f6 dxc3 25. fxg7 d4 26. gxh5 d3 27. g6 dxc2 28. gxh7+ Kxh7 29. Qg4 Bb7+ 30. Kf2 Bxh1 31. Qg5 Rd2+ 32. Bxd2 cxd2 33. Rg1 d1N+ 34. Ke1 Ra8 35. Qd2 Be4 36. Qf4 Bf5 37. Rg5 Nd5 38. Qc1 Qc5 0-1

[Event "OHRA op"]
[Site "Brussels"]
[Date "1987.??.??"]
[Round "8"]
[White "Polgar, Judit"]
[Black "Kerkhof, Philippe"]
[Result "1-0"]
[WhiteElo "2355"]
[BlackElo "2250"]
[PlyCount "61"]
[EventDate "1987.12.??"]
[EventType "swiss"]
[EventRounds "9"]
[EventCountry "BEL"]
[SourceTitle "TD"]
[Source "ChessBase"]
[SourceDate "1994.03.01"]
[SourceVersion "1"]
[SourceVersionDate "1994.03.01"]
[SourceQuality "1"]

1. e4 d6 2. d4 Nf6 3. Nc3 g6 4. f4 Bg7 5. Nf3 c5 6. d5 0-0 7. Bc4 b5 8. Nxb5 Nxe4 9. 0-0 Nd7 10. Bd3 Nef6 11. c4 Nb6 12. a4 a6 13. Nc3 Rb8 14. Qc2 e6 15. a5 Na8 16. dxe6 fxe6 17. b3 Nc7 18. Bb2 Ng4 19. Rae1 Rxf4 20. h3 Ne5 21. Nxe5 Bxe5 22. Rxf4 Bxf4 23. Bxg6 Qh4 24. Rf1 Be3+ 25. Kh1 Bb7 26. Bf7+ Kg7 27. Nd5+ e5 28. Qf5 Nxd5 29. cxd5 Bc8 30. Bxe5+ dxe5 31. Qxe5+ 1-0

[Event "OHRA-B"]
[Site "Brussels"]
[Date "1986.??.??"]
[Round "?"]
[White "Garcia Palermo, Carlos H"]
[Black "Kerkhof, Philippe"]
[Result "1-0"]
[WhiteElo "2515"]
[BlackElo "2215"]
[PlyCount "81"]
[EventDate "1986.12.??"]
[EventType "swiss"]
[EventRounds "9"]
[EventCountry "BEL"]
[SourceTitle "CBM 001"]
[Source "ChessBase"]
[SourceDate "2004.01.01"]
[SourceVersion "1"]
[SourceVersionDate "2004.01.01"]
[SourceQuality "1"]

1. d4 Nf6 2. Nf3 g6 3. c4 Bg7 4. g3 c5 5. Bg2 0-0 6. 0-0 cxd4 7. Nxd4 Nc6 8. Nc3 Ne4 9. Nxc6 Nxc3 10. Nxd8 Nxd1 11. Nxb7 Nxb2 12. Bxb2 Bxb2 13. Rab1 Be5 14. Nd6 Ba6 15. Bxa8 Bxd6 16. Bd5 e6 17. Bf3 Bxc4 18. Rfd1 Bb8 19. Rxd7 Bxa2 20. Rb2 Bc4 21. Rdb7 Be5 22. Rc2 Bd5 23. Bxd5 exd5 24. Rxa7 d4 25. Rca2 Kg7 26. Ra8 Rxa8 27. Rxa8 g5 28. g4 Kg6 29. Ra6+ f6 30. Kg2 h5 31. h3 hxg4 32. hxg4 Bf4 33. Kf3 Bd2 34. Ke4 Be1 35. f3 Bf2 36. Rd6 Be1 37. Kd5 Bd2 38. Ke6 Bc3 39. Rd8 Bb2 40. Rg8+ Kh7 41. Kf7 1-0

[Event "OHRA-B"]
[Site "Brussels"]
[Date "1986.??.??"]
[Round "?"]
[White "Goormachtigh, Johan"]
[Black "Kerkhof, Philippe"]
[Result "1/2-1/2"]
[WhiteElo "2335"]
[BlackElo "2215"]
[PlyCount "30"]
[EventDate "1986.12.??"]
[EventType "swiss"]
[EventRounds "9"]
[EventCountry "BEL"]
[SourceTitle "CBM 001"]
[Source "ChessBase"]
[SourceDate "2004.01.01"]
[SourceVersion "1"]
[SourceVersionDate "2004.01.01"]
[SourceQuality "1"]

1. d4 Nf6 2. Nf3 g6 3. Bg5 Bg7 4. Nbd2 0-0 5. e4 d6 6. Be2 h6 7. Bxf6 exf6 8. 0-0 f5 9. exf5 Bxf5 10. Nc4 Nc6 11. c3 Re8 12. Ne3 Bc8 13. Qb3 Ne7 14. Bc4 Rf8 15. Rfe1 c6 1/2-1/2

[Event "OHRA-B"]
[Site "Brussels"]
[Date "1986.??.??"]
[Round "?"]
[White "Kerkhof, Philippe"]
[Black "Iclicki, Willy"]
[Result "1/2-1/2"]
[WhiteElo "2215"]
[BlackElo "2225"]
[PlyCount "123"]
[EventDate "1986.12.??"]
[EventType "swiss"]
[EventRounds "9"]
[EventCountry "BEL"]
[SourceTitle "CBM 001"]
[Source "ChessBase"]
[SourceDate "2004.01.01"]
[SourceVersion "1"]
[SourceVersionDate "2004.01.01"]
[SourceQuality "1"]

1. e4 c6 2. d4 d5 3. Nd2 dxe4 4. Nxe4 Nd7 5. Nf3 Ngf6 6. Nxf6+ Nxf6 7. Ne5 Nd7 8. Bf4 Nxe5 9. Bxe5 Qd5 10. Be2 Bf5 11. 0-0 f6 12. Bg3 Rd8 13. c3 e6 14. Qa4 a6 15. Bf3 Qb5 16. Qxb5 axb5 17. Rfe1 Kf7 18. Bd1 Bd6 19. Bb3 Bxg3 20. hxg3 h5 21. Rad1 Rd6 22. f3 Rhd8 23. Kf2 b6 24. Ke3 c5 25. dxc5 bxc5 26. Rxd6 Rxd6 27. Rd1 Ke7 28. a4 Rxd1 29. Bxd1 bxa4 30. Bxa4 Bg6 31. Bb5 Kd6 32. Bd3 Be8 33. Bc2 Bf7 34. Bb3 Be8 35. Kd3 Bb5+ 36. Bc4 Bc6 37. Ke3 Bd7 38. Bd3 Be8 39. Be4 Bf7 40. f4 Be8 41. Bf3 Kc7 42. Kd3 Kb6 43. Bd1 Bb5+ 44. Ke3 Be8 45. Bb3 Bd7 46. Bc4 Kc7 47. Be2 Be8 48. Bf3 Kb6 49. g4 hxg4 50. Bxg4 Bd7 51. Kd3 Bb5+ 52. c4 Bd7 53. Kc3 Kc6 54. b4 cxb4+ 55. Kxb4 Kd6 56. Bf3 Kc7 57. Kc5 Ba4 58. g3 Bd7 59. Bg2 Be8 60. Be4 Ba4 61. Ba8 Bd7 62. Bf3 1/2-1/2

[Event "OHRA-B"]
[Site "Brussels"]
[Date "1986.??.??"]
[Round "?"]
[White "Kerkhof, Philippe"]
[Black "Pergericht, Daniel"]
[Result "1/2-1/2"]
[WhiteElo "2215"]
[BlackElo "2345"]
[PlyCount "21"]
[EventDate "1986.12.??"]
[EventType "swiss"]
[EventRounds "9"]
[EventCountry "BEL"]
[SourceTitle "CBM 001"]
[Source "ChessBase"]
[SourceDate "2004.01.01"]
[SourceVersion "1"]
[SourceVersionDate "2004.01.01"]
[SourceQuality "1"]

1. e4 e5 2. Nf3 Nf6 3. Nxe5 d6 4. Nf3 Nxe4 5. c4 Be7 6. Nc3 Nxc3 7. dxc3 0-0 8. Bd3 Nc6 9. Qc2 g6 10. 0-0 Bf6 11. Bh6 1/2-1/2